000 00751nam a22001577a 4500
003 OSt
005 20150918142507.0
008 150918b xxu||||| |||| 00| 0 eng d
040 _cRUA
082 _aAGR SVA 2006 B034 Or.1
100 _9765
_aSVAY, SINARONG.
245 _aEffect of different varieties on growth and yield bitter gourd at royal university of agriculture ឥទ្ធិពល នៃការប្រើប្រាស់ពូជខុសគ្នាទៅលើការលូតលាស់ និងទិន្នន័យផលដំណាំម្រះនៅ សាកលវិទ្យាល័យភូមិន្ទកសិកម្ម
260 _aPhnom Penh
_bRUA
_c2006
300 _a53p.
_bill.
_c29cm.
942 _2ddc
_cAGR
999 _c734
_d734